|
|
|
|
| LEADER |
007512am a22002052a 4500 |
| 001 |
000421498 |
| 003 |
CZ BrMZK |
| 005 |
20050713074443.0 |
| 007 |
ta |
| 008 |
990307s1920 xr f ger d |
| 040 |
|
|
|a BOA001
|b cze
|c BOA001
|
| 100 |
1 |
|
|a Bernt, Alois,
|d 1871-1945
|7 ola2003167551
|
| 245 |
1 |
0 |
|a Deutsches Lesebuch für die deutschen Mittelschulen der tschecho-slowakischen Republik.
|n Bd. 7, für die siebente Klasse der Realschulen /
|c hrsg. von Alois Bernt, Emil Lehman, Karl Weps
|
| 260 |
|
|
|a Reichenberg :
|b Gebrüder Stiepel,
|c [1920?]
|
| 300 |
|
|
|a 419 s.
|
| 910 |
|
|
|a BOA001
|b PK-0082.105,7
|
| 990 |
|
|
|a BK
|
| 993 |
|
|
|a Y
|
| 991 |
|
|
|b 200507
|
| 996 |
7 |
|
|b 3119825242
|c PK-0082.105,7
|l MZK
|r Sklad / do 1 hodiny
|n 0
|w 000421498
|u 000010
|a 1
|e BOA001
|j MZK50
|s A
|